00766nam a2200241 i 450000100060000000300090000600500170001500700030003200800410003502000180007608000100009408000140010410000230011824501570014126000420029830000200034065000250036065000360038570000300042170000210045170000200047285200320049291977ES-MaACL20260528172346.0t|050311s1992 fr ||||1| fre d a2-204-04661-2 a179.3 a502.74:281 aDrewermann, Eugen.10aDe l'immortalité des animaux /cEugen Drewermann ; préface par Luise Rinser ; traduit de l'allemand par Bernard Lauret ; postface par Michel Damien. aParis :bLes Editions du Cerf,c1992. a81 p. ;c22 cm.14aAnimales-xDerechos.14aAnimales-xAspectos religiosos.0 aRinser, Luise,d1911-20021 aLauret, Bernard.1 aDamien, Michel. aES-MaACLjL-10807bR.135622